Programmnoje obespečenije neodnorodnych raspredelennych sistem analiz i realizacija

Salvato in:
Dettagli Bibliografici
Natura: Libro
Lingua:russo
Pubblicazione: Moskva Finansy i statistika 1986
Edizione:1. izd.
Tags: Aggiungi Tag
Nessun Tag, puoi essere il primo ad aggiungerne!!

MARC

LEADER 00000nam a2200000 4500
001 c024113
005 20260116072550.8
041 0 |a rus 
044 |a RU 
245 1 0 |a Programmnoje obespečenije neodnorodnych raspredelennych sistem  |b analiz i realizacija 
250 |a 1. izd. 
264 1 |a Moskva  |b Finansy i statistika  |c 1986 
300 |a 158 s.